000 02577nam a2200313 a 4500
003 CO-PeBPR
005 20260417145420.0
008 260415e2020 ck a|||| n||| 00| 0 spa c
020 _a9789587942231
040 0 _aCO-PeBPR
_bspa
_cCO-PeBPR
_erda
041 0 _hspa
082 0 4 _a340.1 M516f
100 1 _aMejía Quintana, Óscar
_eautor
245 _aFilosofía y teoría del derecho (versión ilustrada)
_c/ Óscar Mejía Quintana
250 _aPrimera edición
264 1 _aBogotá, Colombia
_b: Universidad Nacional de Colombia
_c, 2020
300 _a290 páginas
_b: ilustraciones (algunas a color), diagramas, fotografías, retratos
_c24 centímetros
336 _atexto
_btxt
_crdacontenido
337 _asin mediación
_bn
_2rdamedio
338 _avolumen
_bnc
_2rdasoporte
490 _aSerie de Investigaciones Jurídico-Políticas
_vv26
504 _aIncluye bibliografía.
520 _aEste curso ilustrado de filosofía y teoría del derecho reconstruye la secuencia del concepto de derecho de los paradigmas ius filosóficos y ius teóricos a lo largo de la modernidad. Constituyó el inicio del grupo de investigación REPENSAR el DERECHO (categoría A en MinCiencias) de la Facultad de Derecho y Ciencias Políticas de la Universidad Nacional de Colombia, dirigido por el profesor Óscar Mejía y codirigido por la profesora Diana Hincapié, cuyos proyectos desde el año 2016 exploran el abordaje histórico de las diferentes escuelas jurídicas contemporáneas, su recepción en Colombia y Latinoamérica y sus proyecciones prácticas, lo que permitió ampliar la propuesta docente a cursos como: Teoría de la Decisión Judicial, Filosofía del Derecho en Colombia, Bioderecho y Biopolítica, Constitución, Democracia y Paz y Filosofía Política Contemporánea. En el ámbito investigativo se proyectó con el semillero de jóvenes investigadores en las líneas de Teoría De colonial del Derecho, Opinión Pública y Medios Digitales a través del Observatorio Verdad & Memoria y proyectos de investigación como Posontológico, Posfundacional y Posjurídico: Más allá de la Filosofía y la Teoría del Derecho Colonial en la Sociedad GlocAL y, más recientemente, Justicia Anamnética, Condición de Paz en Colombia: de la Ley del Talión a la Justicia del Perdón, la Reconciliación y la Democracia Adversarial.
610 1 4 _2LEMB
_aGrupo de Investigación Repensar el Derecho
_xinvestigador
650 1 4 _2LEMB
_aDerecho - Filosofía
650 1 4 _2LEMB
_aTeoría del derecho
650 1 4 _2LEMB
_aParadigma (Ciencias Sociales)
942 _2ddc
_cBK
999 _c17724
_d17724